Général de Gaulle - par lettre - Statistiques

Statistiques générales
  • Ce quiz a été pris 100 fois
  • Le résultat moyen est 17 sur 26
Statistiques - réponses
Lettre Indice Réponse % Correct
F Sa rencontre avec ce dictateur espagnol fait grand bruit en 1970 Francisco Franco
91%
G Il a participé à la Grande, la Seconde, ainsi qu'à celle d'Algérie Guerre
90%
R En exil à Londres, il confie à Jean Moulin d'en regrouper les différents mouvements Résistance
87%
S Ecole militaire où il a fait ses classes Saint-Cyr
84%
P Son Premier ministre de 1962 à 1968 Georges Pompidou
82%
Y Prénom de son épouse, amicalement surnommée "Tante ___" par les Français Yvonne
82%
H Ce chef d'Etat allemand suit les théories militaires de De Gaulle avec beaucoup d'intérêt Adolf Hitler
80%
A Le plus grand de France porte son nom Aéroport
78%
L Sa ville de naissance Lille
77%
Q Il prit parti pour l'indépendance de ce territoire dans une formule restée célèbre Québec
77%
X Prénom de son frère aîné, qui fut diplomate, militaire et résistant Xavier
76%
C Son lieu de décès Colombey-les-Deux-Eglises
74%
J Face à 200 000 personnes, il lance cette formule restée célèbre lors de son discours d'Alger "Je vous ai compris !"
74%
O En 1966, il quitte le commandement intégré de cette organisation OTAN
73%
I Pays où il séjourne durant les élections présidentielles de 1969, pour ne pas que sa présence en France ne perturbe l'élection Irlande
72%
K Première dame américaine, elle ne cache pas son admiration pour le "Grand Charles". Elle a nommé son chien "De Gaulle" Jackie Kennedy
72%
U En déplacement comme à la télévision, le Général le porte souvent Son uniforme
68%
E Cette place porte aussi le nom du Général Etoile
61%
Z Mobutu, Président de ce pays, est reçu à l'Elysée en 1969 Zaïre
59%
D Ce n'est pas à 67 ans qu'il commencera cette carrière ! Dictateur
49%
B Lors des événements de Mai 68, il s'envole pour cette ville allemande Baden-Baden
48%
N D'après lui, la vieillesse en est un Naufrage
38%
T Surnom donné à la période de sa vie comprise entre 1946 et 1958 Traversée du désert
27%
W Ce chef d'état-major de l'Armée est son supérieur hiérarchique direct durant la Seconde Guerre mondiale Maxime Weygand
20%
V Dans cet ouvrage paru en 1934, le Général alerte sur la vulnérabilité de la France et appelle à l'utilisation massive des chars Vers l'armée de métier
10%
M Bataille de la campagne de France durant laquelle les Français sont commandés par le colonel Charles de Gaulle Bataille de Montcornet
5%
Aucun quiz correspondant
Distribution des résultats
% des personnes avec chaque résultat
Percentile par nombre de réponses
Votre historique - résultats
Vous n’avez pas pris ce quiz